| 000 | 00502nam a2200181 i 4500 | ||
|---|---|---|---|
| 001 | 44731 | ||
| 003 | ES-MaACL | ||
| 005 | 20260617125144.0 | ||
| 007 | t| | ||
| 008 | 030324s1920 fr ||||1| fre d | ||
| 100 |
_aClaudel, Paul, _d1868-1955 _9239252 |
||
| 245 | 1 | 3 |
_aLe père humilié _b: drame en 4 actes / _cPaul Claudel. |
| 250 | _a6ème ed. | ||
| 260 |
_aParis : _b[s.n., _c1920] ( _eMacon : _fProtat Frères) |
||
| 300 |
_a190 p. ; _c19 cm. |
||
| 852 |
_aES-MaACL _jF-9987 |
||
| 999 |
_c44731 _d44731 |
||